000 00347nam a2200157Ia 4500
008 210210b1949 xxu||||| |||| 00| 0 eng d
041 _aeng
082 _a580/190
100 _aMUKERJI (H)
245 _aPlant groups
260 _aCalcutta
_bNot Mentioned
_c1949
650 _aPlant
650 _agroups
690 _aBotany
906 _a010450
999 _c138218
_d138218